Представление документа в формате MARC21

ПолеНазваниеЗначение
  Тип записи a
  Библиографический уровень m
001 Контрольный номер RU/URAIT/589886
005 Дата корректировки 20260429163649.1
008 Кодируемые данные 260429s2026 RU y f j 000 0 rus u
020 Индекс ISBN __
a ISBN 978-5-534-20035-5
c Цена, тираж 459.00
040 Источник каталогиз. __
a Служба первич. каталог. ИКО Юрайт
c Служба, преобразующая запись ИКО Юрайт
e Правила каталог. RCR
041 Код языка издания __
a Код языка текста rus
044 Код страны публикации __
a Код страны публикации RU
080 Индекс УДК __
a Индекс УДК 614.8(075.8)
084 Индекс другой классификации/Индекс ББК __
2 Источник индекса rubbk
a Индекс другой классификации/Индекс ББК 68.9я73
100 Автор __
a Автор Резчиков Е. А.
q Полное имя Резчиков Евгений Алексеевич
245 Заглавие __
a Заглавие Управление безопасностью жизнедеятельности
b Продолж. заглавия учебник для вузов
c Ответственность Е. А. Резчиков.
250 Сведения об издании __
g пер. и доп
a Основные сведения об издании 4-е изд.
256 Характеристики компьютерного файла __
a Характеристики компьютерного файла Электрон. дан.
260 Выходные данные __
a Место издания Москва
b Издательство Юрайт
c Дата издания 2026
300 Физическое описание __
a Объем 67 с
440 Серия __
a Серия Высшее образование
500 Примечания __
a Примечание URL: https://urait.ru/bcode/589886 (дата обращения: 29.04.2026).
520 Аннотация __
a Аннотация Данный курс посвящен вопросам, связанным с обеспечением безопасного и комфортного взаимодействия человека со средой обитания, безопасностью системы «человек — машина», созданием оптимальной производственной среды и защитой населения в чрезвычайных ситуациях. В курсе приведены основные положения федеральных законов и других нормативных документов, регламентирующих обеспечение безопасности. Соответствует актуальным требованиям федерального государственного образовательного стандарта высшего образования. Для студентов различных направлений подготовки.
538 Прим. о системных особенностях __
a Прим. о системных особенностях Режим доступа: Электронно-библиотечная система Юрайт, для авториз. пользователей
653 Ключевые слова __
a Ключевые слова Безопасность жизнедеятельности. Охрана труда
653 Ключевые слова __
a Ключевые слова Технические науки
653 Ключевые слова __
a Ключевые слова Безопасность жизнедеятельности
653 Ключевые слова __
a Ключевые слова Основы безопасности жизнедеятельности
653 Ключевые слова __
a Ключевые слова Обеспечение безопасности и жизнедеятельности людей
653 Ключевые слова __
a Ключевые слова Управление защитой населения в чрезвычайных ситуациях
653 Ключевые слова __
a Ключевые слова Органы обеспечения безопасности жизнедеятельности
653 Ключевые слова __
a Ключевые слова Чрезвычайные ситуации природного характера и защита от них
653 Ключевые слова __
a Ключевые слова Безопасность жизнедеятельности (общий курс)
653 Ключевые слова __
a Ключевые слова Безопасность жизнедеятельности в профессиональной сфере
653 Ключевые слова __
a Ключевые слова Безопасные условия жизнедеятельности
653 Ключевые слова __
a Ключевые слова жизнедеятельности и здорового образа
653 Ключевые слова __
a Ключевые слова Чрезвычайные ситуации природного и техногенного характера
653 Ключевые слова __
a Ключевые слова Управление в кризисных и чрезвычайных ситуациях
653 Ключевые слова __
a Ключевые слова Управление в чрезвычайных ситуациях
653 Ключевые слова __
a Ключевые слова Режим чрезвычайного положения
653 Ключевые слова __
a Ключевые слова Чрезвычайные экологические ситуации в регионе
653 Ключевые слова __
a Ключевые слова Здоровье и безопасности жизнедеятельности
653 Ключевые слова __
a Ключевые слова Безопасность жизнедеятельности. Общие вопросы
653 Ключевые слова __
a Ключевые слова Национальная безопасность с основами правового регулирования безопасности жизнедеятельности
653 Ключевые слова __
a Ключевые слова Система управления безопасностью жизнедеятельности в Российской Федерации
653 Ключевые слова __
a Ключевые слова Система управления безопасностью жизнедеятельности в РФ
653 Ключевые слова __
a Ключевые слова Здоровья и безопасности жизнедеятельности
653 Ключевые слова __
a Ключевые слова БЖД
653 Ключевые слова __
a Ключевые слова Чрезвычайные ситуации
653 Ключевые слова __
a Ключевые слова Безопасная жизнедеятельность
653 Ключевые слова __
a Ключевые слова Основы БЖД
653 Ключевые слова __
a Ключевые слова Управление чрезвычайными ситуациями и стихийными бедствиями
653 Ключевые слова __
a Ключевые слова Техногенные и природные чрезвычайные ситуации
653 Ключевые слова __
a Ключевые слова Система управления безопасности жизнедеятельности в Российской федерации
653 Ключевые слова __
a Ключевые слова Основы комплексной безопасности
653 Ключевые слова __
a Ключевые слова Управленческие мероприятия по обеспечению мобилизационной готовности и действию в чрезвычайных ситуациях
653 Ключевые слова __
a Ключевые слова Управление безопасностью жизнедеятельности
653 Ключевые слова __
a Ключевые слова Управление городом в чрезвычайных ситуациях
653 Ключевые слова __
a Ключевые слова здоровье и Безопасность жизнедеятельности
653 Ключевые слова __
a Ключевые слова Обеспечение безопасности жизнедеятельности
653 Ключевые слова __
a Ключевые слова Основы безопасности и жизнедеятельности
653 Ключевые слова __
a Ключевые слова Азбука безопасности и выживания человека в экстремальных ситуациях
856 Электронный адрес документа 40
n Местонахождение сервера Юрайт
g Электронная книга
q Тип электронного формата html
h Имя пользователя ЮРАЙТ
v Часы доступа к ресурсу 20271231
2 Способ доступа Показать документ
x Служебное примечание https://urait.ru/book/cover/9F2CA12F-BDCB-4706-96B5-BA3E5BDA98D7
u URL https://urait.ru/bcode/589886
856 Электронный адрес документа 48
q Тип электронного формата cover
u URL https://urait.ru/book/cover/9F2CA12F-BDCB-4706-96B5-BA3E5BDA98D7
911 __
u 0030=https://urait.ru/bcode/589886
911 __
u 073a=9785534200355
u 073d=459.00
911 __
u 106a=s
911 __
u 900l=
952 Тип литературы __
i Дисциплина Безопасность жизнедеятельности
952 Тип литературы __
i Дисциплина Основы безопасности жизнедеятельности
952 Тип литературы __
i Дисциплина Обеспечение безопасности и жизнедеятельности людей
952 Тип литературы __
i Дисциплина Управление защитой населения в чрезвычайных ситуациях
952 Тип литературы __
i Дисциплина Органы обеспечения безопасности жизнедеятельности
952 Тип литературы __
i Дисциплина Чрезвычайные ситуации природного характера и защита от них
952 Тип литературы __
i Дисциплина Безопасность жизнедеятельности (общий курс)
952 Тип литературы __
i Дисциплина Безопасность жизнедеятельности в профессиональной сфере
952 Тип литературы __
i Дисциплина Безопасные условия жизнедеятельности
952 Тип литературы __
i Дисциплина жизнедеятельности и здорового образа
952 Тип литературы __
i Дисциплина Чрезвычайные ситуации природного и техногенного характера
952 Тип литературы __
i Дисциплина Управление в кризисных и чрезвычайных ситуациях
952 Тип литературы __
i Дисциплина Управление в чрезвычайных ситуациях
952 Тип литературы __
i Дисциплина Режим чрезвычайного положения
952 Тип литературы __
i Дисциплина Чрезвычайные экологические ситуации в регионе
952 Тип литературы __
i Дисциплина Здоровье и безопасности жизнедеятельности
952 Тип литературы __
i Дисциплина Безопасность жизнедеятельности. Общие вопросы
952 Тип литературы __
i Дисциплина Национальная безопасность с основами правового регулирования безопасности жизнедеятельности
952 Тип литературы __
i Дисциплина Система управления безопасностью жизнедеятельности в Российской Федерации
952 Тип литературы __
i Дисциплина Система управления безопасностью жизнедеятельности в РФ
952 Тип литературы __
i Дисциплина Здоровья и безопасности жизнедеятельности
952 Тип литературы __
i Дисциплина БЖД
952 Тип литературы __
i Дисциплина Чрезвычайные ситуации
952 Тип литературы __
i Дисциплина Безопасная жизнедеятельность
952 Тип литературы __
i Дисциплина Основы БЖД
952 Тип литературы __
i Дисциплина Управление чрезвычайными ситуациями и стихийными бедствиями
952 Тип литературы __
i Дисциплина Техногенные и природные чрезвычайные ситуации
952 Тип литературы __
i Дисциплина Система управления безопасности жизнедеятельности в Российской федерации
952 Тип литературы __
i Дисциплина Основы комплексной безопасности
952 Тип литературы __
i Дисциплина Управленческие мероприятия по обеспечению мобилизационной готовности и действию в чрезвычайных ситуациях
952 Тип литературы __
i Дисциплина Управление безопасностью жизнедеятельности
952 Тип литературы __
i Дисциплина Управление городом в чрезвычайных ситуациях
952 Тип литературы __
i Дисциплина здоровье и Безопасность жизнедеятельности
952 Тип литературы __
i Дисциплина Обеспечение безопасности жизнедеятельности
952 Тип литературы __
i Дисциплина Основы безопасности и жизнедеятельности
952 Тип литературы __
i Дисциплина Азбука безопасности и выживания человека в экстремальных ситуациях